00455nam a2200193Ia 4500008004100000020001800041050001400059100002000073245002400093245002300117260001500140260001600155260000900171300001600180300002000196300001000216300002900226440000600255170918s9999 xx 000 0 und d a9780545509145 bH321 2012 aHarrison, Paula 4aThe wishing pearl / cby Paula Harrison. aNew York : bScholastic, c2012 a121 pages : billustrations : c19cm. eThe rescue princesses ;  a2